All ATP Finals Participants since 2000 - Statistics

General Stats
  • This quiz has been taken 404 times
    108 since last reset
  • The average score is 175 of 217
Answer Stats
Year Result Player % Correct
F | RR | SF Carlos Alcaraz
100%
F | RR | SF | W Novak Djokovic
100%
F | RR | SF Rafael Nadal
100%
F | RR | SF | W Roger Federer
100%
RR | SF | W Alexander Zverev
98%
F | RR | SF | W Daniil Medvedev
98%
Alt. | F | W Jannik Sinner
98%
RR | SF | W Andy Murray
97%
F | RR | SF Taylor Fritz
97%
F | RR Andre Agassi
95%
Alt. | F | RR | SF David Ferrer
93%
F | SF Casper Ruud
92%
RR | SF Félix Auger-Aliassime
92%
SF Pete Sampras
92%
2019 RR | W Stefanos Tsitsipas
92%
RR | SF Alex de Minaur
88%
RR Gaël Monfils
87%
RR | SF Kei Nishikori
87%
RR Lorenzo Musetti
87%
F | RR | SF Juan Martín del Potro
85%
RR | SF Andy Roddick
83%
RR Ben Shelton
83%
F | RR Dominic Thiem
83%
F | RR Jo-Wilfried Tsonga
83%
RR | SF Stan Wawrinka
83%
RR Holger Rune
82%
F | RR | SF Juan Carlos Ferrero
82%
RR Marin Čilić
82%
RR | SF Andrey Rublev
80%
F | RR | W Lleyton Hewitt
80%
RR | SF Marat Safin
77%
2017 W Grigor Dimitrov
75%
RR Matteo Berrettini
75%
RR John Isner
70%
RR | SF Milos Raonic
70%
F | RR | SF | W Nikolay Davydenko
70%
2000 RR | W Gustavo Kuerten
68%
RR | SF Tomáš Berdych
68%
Alt. | F David Goffin
67%
RR | SF | W David Nalbandian
62%
Alt. | RR Hubert Hurkacz
62%
Alt. Cameron Norrie
60%
RR Diego Schwartzman
60%
SF Jack Sock
60%
RR Richard Gasquet
60%
RR | SF Carlos Moyá
58%
SF Kevin Anderson
57%
RR | SF Yevgeny Kafelnikov
55%
RR | SF Robin Söderling
53%
RR Guillermo Coria
52%
RR Goran Ivanišević
50%
Alt. Pablo Carreño Busta
50%
RR | SF Gastón Gaudio
48%
SF Gilles Simon
48%
RR Fernando Verdasco
47%
RR Patrick Rafter
45%
F James Blake
43%
RR Mardy Fish
42%
RR Albert Costa
38%
Alt. | RR Fernando González
38%
RR Ivan Ljubičić
38%
RR Tim Henman
38%
Alt. | RR Janko Tipsarević
35%
RR Àlex Corretja
30%
F Sébastien Grosjean
30%
RR Tommy Robredo
30%
RR Mariano Puerta
28%
RR Magnus Norman
23%
SF Rainer Schüttler
22%
RR Jiří Novák
18%
Alt. Radek Štěpánek
18%
No matching quizzes found
Score Distribution
Percent of People with Each Score
Percentile by Number Answered
Your Score History
You have not taken this quiz since the last reset